000 01039cam a2200217 4500
001 WB3819-23
008 020521n2002 000 0 eng u
035 _a(Sirsi) u118076
245 _aBlueprint for North West
260 _c2002
490 _aDTLR News Release
_v(0213) 20 May 2002, (2)
520 _aProposed changes to the Draft Regional Planning Guidance for the North West (RPG13) have been published for consultation. The changes call for an integrated approach to housing renewal and suggest that local authorities take into consideration social, environmental and economic issues. Consultation deadline is 16 August 2002. Draft RPG13 available at http://www.go-nw.gov.uk/planning/rpgchanges.html. http://www.press.dtlr.gov.uk/pns/DisplayPN.cgi?pn_id=2002_0213
590 _aWB
650 _aNORTHWEST ENGLAND
650 _aREGIONAL PLANNING GUIDANCE
650 _aRPG13
650 _aURBAN RENAISSANCE
650 _aHOUSING
690 _aENVIRONMENTAL AND LAND CONSULTANCY-PLANNING AND DEVELOPMENT
942 _n0
999 _c70315
_d70315